01225nam a2200241Ia 4500999001500000003001100015005001700026008004100043080001500084900000800099245009900107250001200206260004200218300003500260590038900295650001900684650003000703700002100733700002500754942001200779952007600791952011600867 c2966d2966Ar-CdUNLAR20260601163038.0091014s1971 m ac | 001 0 spa  a616-053.2  aSE 00aEnfermería pediatrica de jeans / cFlorence G. Blake, Howell Wright y Eugenia H. Waechter.  a8a ed.  aMéxico : bInteramericana, c1971.  axv, 687 p. : bil. ; c27 cm.  aÍndice: 1- Introducción a la enfermería pediátrica. 2- El recién nacido ( de la concepción al primer mes de vida). 3- El lactante ( del mes al año de vida). 4- El niño de uno a tres años en edad preescolar(tres a seis años). 5- El niño en edad escolar (seis a 13 años). 6- Crecimiento, desarrollo y asistencia durante pubertad y adolescencia (13 a 18 años). 17aEnfermería. 17aEnfermeria pediátrica. 1 aWright, Howell. 1 aWaechter, Eugenia H. cBK2udc 0010407093000aBCbBCd2010-03-19pEN 49r2010-03-19w2010-03-19yBK 00104066160532_E569B8_EJ_170930742aBCbBCd2026-06-01o616-053.2 E569b8 Ej. 1 r2026-06-01w2026-06-01yBK